Indios, militares e imaginarios de nación en el Ecuador del siglo XX /
Se utiliza la técnica de análisis del discurso a través de la cual se analiza el papel que cumplen los militares en la integración de los indígenas a la sociedad ecuatoriana, el ejército ecuatoriano cree que tiene el deber y la potestad para asumir responsabilidades políticas y de desarrollo en el p...
محفوظ في:
| المؤلف الرئيسي: | |
|---|---|
| التنسيق: | غير معروف |
| اللغة: | Spanish |
| منشور في: |
Ecuador :
Ediciones ABYA-YALA ; FLACSO
|
| الموضوعات: | |
| الوسوم: |
إضافة وسم
لا توجد وسوم, كن أول من يضع وسما على هذه التسجيلة!
|
MARC
| LEADER | 00000 a2200000 04500 | ||
|---|---|---|---|
| 001 | 47383 | ||
| 003 | cru CIDCACS/IIS | ||
| 005 | 20170323163357.0 | ||
| 008 | 050628s2006 ec spa d | ||
| 020 | |a 978-9978-22-619-3 | ||
| 040 | |c cru CIDCACS/IIS | ||
| 090 | |a 0006 O77i | ||
| 100 | |a Ortiz B., Cecilia | ||
| 245 | |a Indios, militares e imaginarios de nación en el Ecuador del siglo XX / |c Cecilia Ortiz B. | ||
| 260 | |a Ecuador : |b Ediciones ABYA-YALA ; FLACSO | ||
| 300 | |a 272 páginas | ||
| 520 | |a Se utiliza la técnica de análisis del discurso a través de la cual se analiza el papel que cumplen los militares en la integración de los indígenas a la sociedad ecuatoriana, el ejército ecuatoriano cree que tiene el deber y la potestad para asumir responsabilidades políticas y de desarrollo en el país (como lo han hecho a lo largo de la historia). Las Fuerzas Armadas siempre han visto en los indígenas la razón del estancamiento de su país, ya que en su mayoría son analfabetos y se consideran como salvajes y primitivos, se les ve como seres miserables. Los militares por su parte, creen que tienen la misión de construir la nación que imaginan, enmarcada en un proyecto nacional de unitarismo y homogéneo, en el cual los indígenas tienen poco que aportar. Asumen la tarea de integrar a los indígenas desde su visión de desarrollo y de sociedad ignorando las particularidades, creencias, tradiciones y cultura de los indígenas. Este trabajo se lleva acabo desde una perspectiva histórica para entender los aspectos del presente a partir de sus antecedentes, como un mismo proceso de modernización. VSL/03.10.2016 | ||
| 650 | 1 | 0 | |9 70 |a FUERZAS ARMADAS |
| 650 | 1 | 0 | |9 71 |a DESARROLLO ECONOMICO Y SOCIAL |
| 650 | 1 | 0 | |9 72 |a INTEGRACION SOCIAL |
| 650 | 1 | 0 | |9 73 |a INTEGRACION CULTURAL |
| 651 | 1 | 0 | |9 74 |a ECUADOR |
| 650 | 1 | 0 | |9 109 |a POBLACION INDIGENA |
| 942 | |2 ddc |c LI | ||
| 999 | |c 16848 |d 16848 | ||



